01700cam a22002775a 45000010009000000050017000090080041000260200029000670400033000960430012001290820025001411000037001662450078002032600058002813000035003395000024003745040041003985200701004395900017011406500056011576530021012136550024012349420008012589990017012669520139012831783584820150610141816.0130802t2014 flua frb 001 0 eng d a9781466567832 (hardback) aDLCbengcDLCdDLCdEG-ScBUE an-us---00a333.7140973222bMAU1 aMaughan, James T.,d1949-93814110aEnvironmental impact analysis :bprocess and methods /cJames T. Maughan. aBoca Raton :bCRC Press / Taylor & Francis, cc.2014. axxii, 378 p. :bill. ;c25 cm. aIndex : p. 371-378. aIncludes bibliographical references. a"This book provides a comprehensive description of the environmental analysis and approval process. It describes the methods and tools available to successfully accomplish the analysis and includes a step-by-step description of how to prepare an environmental analysis document that meets technical, regulatory, and stakeholder expectations and requirements. Case studies drawn from author's long experience with preparation and review of environmental analyses illustrate each step. The text details the regulatory mandates and identifies approaches for prediction of impacts, interaction with stakeholders, comparison of alternatives, and obtaining regulatory approval and public acceptance."-- aSara elBakry 0aEnvironmental impact analysiszUnited States2BUEsh bENGGENcJune2015 vreading book934232 2ddc c19538d19510 00102ddc40708BaccahaMAINbMAINc1STd2015-06-09epurchaseg680.00l0o333.7140973 MAUp000038499r2025-07-15 00:00:00v850.00yBB